[Event "C.to Provinciale CO"]
[Site "Villa Guardia ITA"]
[Date "2004.03.06"]
[Round "1"]
[White "Petetta, Roberto"]
[Black "Buonocore, Elio"]
[Result "0-1"]
[WhiteElo "1663"]
[BlackElo "2099"]
[PlyCount "117"]
[EventDate "2004.03.06"]

1. e4 c5 2. Nf3 Nc6 3. d4 cxd4 4. Nxd4 Nf6 5. Nc3 e5 6. Nf5 d6 7. Bg5 a6 8.
Bxf6 gxf6 9. Ne3 f5 10. Qh5 Bg7 11. exf5 O-O 12. f6 Qxf6 13. Bd3 Qh6 14. Qxh6
Bxh6 15. Nc4 Nb4 16. Nxd6 Nxd3+ 17. cxd3 Rd8 18. Nxc8 Raxc8 19. Ke2 b5 20. Rhd1
f5 21. a3 Rc5 22. f3 a5 23. Kf1 b4 24. axb4 axb4 25. Ra6 bxc3 26. Rxh6 c2 27.
Rc1 Rxd3 28. Ke2 Rb3 29. Rd6 Rxb2 30. Rd2 Kf7 31. Rd3 Ke6 32. Kd2 h5 33. Rc3
Rxc3 34. Kxc3 Rb1 35. Rxc2 h4 36. Kd3 Rh1 37. h3 Kf6 38. Ke3 Ra1 39. Kd3 Kg5
40. Ke3 Ra3+ 41. Kf2 Kf4 42. Re2 e4 43. fxe4 fxe4 44. Kg1 Kg3 45. Re1 Rb3 46.
Kf1 e3 47. Rc1 Rb2 48. Rc3 Rb1+ 49. Ke2 Kxg2 50. Rxe3 Rf1 51. Kd2 Rf6 52. Ke2
Rg6 53. Rf3 Rg3 54. Rf4 Kxh3 55. Kf2 Rg5 56. Rf3+ Kh2 57. Kf1 h3 58. Kf2 Rh5
59. Kf1 0-1

[Event "C.to Provinciale CO"]
[Site "Villa Guardia ITA"]
[Date "2004.03.06"]
[Round "1"]
[White "Raineri, Pieroberto"]
[Black "Bellotto, Stefano"]
[Result "0-1"]
[WhiteElo "1555"]
[BlackElo "1803"]
[PlyCount "60"]
[EventDate "2004.03.06"]

1. Nf3 d6 2. c4 f5 3. g3 e5 4. d4 e4 5. Bg5 Be7 6. Bxe7 Qxe7 7. Nh4 Nh6 8. e3
O-O 9. Nc3 c6 10. Qb3 Kh8 11. Ng2 Na6 12. c5 dxc5 13. Bxa6 bxa6 14. dxc5 Qxc5
15. O-O a5 16. Rac1 Qb4 17. Qxb4 axb4 18. Na4 Ba6 19. Rfd1 Bb5 20. Nc5 Rfd8 21.
Nf4 Ng4 22. Nfe6 Rxd1+ 23. Rxd1 Ne5 24. Nc7 Be2 25. Nxa8 Bxd1 26. Na6 b3 27.
axb3 Bxb3 28. Nc5 Bc2 29. Nc7 Nd3 30. b3 Nxc5 0-1

[Event "C.to Provinciale CO"]
[Site "Villa Guardia ITA"]
[Date "2004.03.06"]
[Round "1"]
[White "Revinelli, Sergio"]
[Black "Laricini, Alberto"]
[Result "1-0"]
[WhiteElo "1789"]
[BlackElo "1504"]
[PlyCount "139"]
[EventDate "2004.03.06"]

1. e4 Nf6 2. e5 Nd5 3. c4 Nb6 4. c5 Nd5 5. Bc4 e6 6. Nc3 Nxc3 7. dxc3 Qh4 8.
Qd4 Qe7 9. b4 Nc6 10. Qe3 b6 11. cxb6 axb6 12. Ne2 Bb7 13. O-O g6 14. f4 Bg7
15. Bb2 Qh4 16. Bd3 Ne7 17. c4 O-O 18. Qf2 Qxf2+ 19. Rxf2 d5 20. Nc3 c6 21. Rd2
Rfd8 22. Rdd1 Rd7 23. a4 Bf8 24. Ba3 Bg7 25. Bb2 f5 26. Ne2 Rad8 27. c5 bxc5
28. bxc5 Bf8 29. a5 Ra8 30. Nd4 Kf7 31. Rdb1 Ba6 32. Bxa6 Rxa6 33. Bc3 Nc8 34.
Rb8 Rc7 35. Bb4 Be7 36. Ne2 Bf8 37. Nd4 Be7 38. Kf1 g5 39. g3 h6 40. Ke2 Bf8
41. Kd3 Be7 42. Ne2 Bf8 43. Kd4 Na7 44. Kd3 Nc8 45. Nd4 Be7 46. Ra4 Bf8 47. Nb3
Be7 48. Ba3 gxf4 49. gxf4 Bh4 50. Rab4 Raa7 51. Ra4 Ra6 52. Bb4 Bf2 53. Ra2 Bh4
54. Nd4 Be7 55. Ne2 Bf8 56. Nc3 Ne7 57. Na4 d4 58. Nb6 Ng6 59. Rf2 Ne7 60. Kxd4
Nd5 61. Nxd5 cxd5 62. Rb6 Raa7 63. Rb2 h5 64. a6 Bh6 65. Bd2 Bf8 66. Rb7 Be7
67. c6 Bh4 68. Rxa7 Rxa7 69. Rb7+ Rxb7 70. axb7 1-0

[Event "C.to Provinciale CO"]
[Site "Villa Guardia ITA"]
[Date "2004.03.06"]
[Round "1"]
[White "Rossi, Giampiero"]
[Black "Napoli, Ferdinando"]
[Result "1/2-1/2"]
[WhiteElo "2048"]
[BlackElo "1657"]
[PlyCount "86"]
[EventDate "2004.03.06"]

1. d4 Nf6 2. c4 g6 3. g3 Bg7 4. Bg2 c6 5. Nc3 d6 6. Nf3 O-O 7. O-O Qa5 8. Qd2
Re8 9. h3 Nbd7 10. b3 e5 11. Bb2 exd4 12. Nxd4 d5 13. cxd5 Nxd5 14. Rfd1 Nxc3
15. Bxc3 Qe5 16. e3 Nf6 17. Ne2 Qe7 18. Qd6 Be6 19. Qxe7 Rxe7 20. Nf4 Bf5 21.
Rac1 Rd7 22. g4 Rxd1+ 23. Rxd1 Be4 24. f3 Bd5 25. Bxf6 Bxf6 26. Nxd5 cxd5 27.
Rxd5 Rc8 28. Rd7 Rc1+ 29. Kh2 Rc2 30. a4 Rc3 31. Rxb7 Rxe3 32. f4 Bh4 33. Bd5
Re2+ 34. Kg1 Re7 35. Rxe7 Bxe7 36. Kf2 a5 37. Ke3 Kg7 38. Ke4 f6 39. h4 h6 40.
f5 gxf5+ 41. Kxf5 Bb4 42. h5 Be1 43. Bc4 Bb4 1/2-1/2

[Event "C.to Provinciale CO"]
[Site "Villa Guardia ITA"]
[Date "2004.03.07"]
[Round "2"]
[White "Bellotto, Stefano"]
[Black "Pede, Lucio"]
[Result "1-0"]
[WhiteElo "1803"]
[BlackElo "1663"]
[PlyCount "71"]
[EventDate "2004.03.06"]

1. e4 e5 2. Nc3 Bb4 3. Nd5 Be7 4. Nf3 c6 5. Nxe7 Qxe7 6. Bc4 Nf6 7. O-O b5 8.
Bb3 a5 9. c3 d6 10. Qe2 Ba6 11. Re1 a4 12. Bc2 O-O 13. d3 Qc7 14. Bg5 Nbd7 15.
Nh4 h6 16. Be3 b4 17. cxb4 c5 18. Qd2 Ng4 19. Bxa4 Nxe3 20. Rxe3 cxb4 21. Bxd7
Qxd7 22. Rg3 Kh7 23. Nf5 Rg8 24. Qxb4 Rab8 25. Qxd6 Qxd6 26. Nxd6 f6 27. b3
Rbd8 28. Nc4 Rd4 29. Rc1 Rgd8 30. Rc3 Bb7 31. h4 Ra8 32. Nb6 Rg8 33. Rc7 Ba6
34. Nd5 Rxd3 35. Rxd3 Bxd3 36. Nxf6+ 1-0

[Event "C.to Provinciale CO"]
[Site "Villa Guardia ITA"]
[Date "2004.03.07"]
[Round "2"]
[White "Buonocore, Elio"]
[Black "Revinelli, Sergio"]
[Result "1-0"]
[WhiteElo "2099"]
[BlackElo "1789"]
[PlyCount "89"]
[EventDate "2004.03.06"]

1. e4 e5 2. Nf3 Nc6 3. d4 exd4 4. Nxd4 Bc5 5. Be3 Qf6 6. c3 Nge7 7. Bc4 Ne5 8.
Be2 Qg6 9. O-O d5 10. Bh5 Qxe4 11. Nd2 Qd3 12. N4f3 Bd6 13. Nxe5 Bxe5 14. Bc5
Bf6 15. Re1 g6 16. Be2 Qf5 17. Qa4+ c6 18. Qa3 Be6 19. Nb3 b6 20. Bxb6 O-O 21.
Bc5 Rfe8 22. Nd4 Qg5 23. Bf1 Bg4 24. f4 Qxf4 25. Bxe7 Be5 26. g3 Bxd4+ 27. cxd4
Qxd4+ 28. Qe3 Qxb2 29. Qf4 Bf5 30. g4 Qb6+ 31. Kh1 Be4+ 32. Rxe4 dxe4 33. Bf6
Qb4 34. Bc4 Qf8 35. Bc3 Re6 36. Bxe6 fxe6 37. Bf6 Rd8 38. Rf1 Rd7 39. Qxe4 Qd6
40. Re1 Qd5 41. Kg1 Qxe4 42. Rxe4 Kf7 43. g5 h5 44. Kf2 Rd5 45. Re2 1-0

[Event "C.to Provinciale CO"]
[Site "Villa Guardia ITA"]
[Date "2004.03.07"]
[Round "2"]
[White "Cairoli, Camillo"]
[Black "Liscio, Giovanni"]
[Result "0-1"]
[WhiteElo "1882"]
[BlackElo "1831"]
[PlyCount "73"]
[EventDate "2004.03.06"]

1. e4 c5 2. Nf3 d6 3. d4 cxd4 4. Nxd4 Nf6 5. Nc3 e6 6. Be2 a6 7. a4 Be7 8. Be3
Qc7 9. O-O Bd7 10. f4 Nc6 11. f5 Nxd4 12. Bxd4 e5 13. Be3 Bc6 14. Bf3 O-O 15.
a5 Rac8 16. Bb6 Qd7 17. Rf2 Bd8 18. Be3 Bb5 19. Rd2 Be7 20. Nd5 Nxd5 21. Rxd5
f6 22. Rd2 Rc4 23. Bb6 Rfc8 24. c3 Bf8 25. Qe1 Be7 26. Bd1 R4c6 27. Bb3+ Bc4
28. Ba4 Bb5 29. Bc2 Rxb6 30. axb6 Bd8 31. Qd1 Be7 32. Ba4 Qc6 33. Qb3+ Kf8 34.
Bxb5 axb5 35. Kh1 Qxe4 36. Qe6 Qc6 37. Rd5 0-1

[Event "C.to Provinciale CO"]
[Site "Villa Guardia ITA"]
[Date "2004.03.07"]
[Round "2"]
[White "Coppola, Guido"]
[Black "Emoroso, Claudio"]
[Result "1-0"]
[WhiteElo "1839"]
[BlackElo "1672"]
[PlyCount "49"]
[EventDate "2004.03.06"]

1. e4 e5 2. Nf3 Nc6 3. Bc4 Be7 4. d4 exd4 5. Nxd4 Ne5 6. Be2 d6 7. O-O Nf6 8.
Nc3 a6 9. f4 Ng6 10. Be3 h5 11. Nf3 Bd7 12. h3 h4 13. f5 Ne5 14. Nxe5 dxe5 15.
Bf3 Bb4 16. Nd5 Nxd5 17. Qxd5 Bc6 18. Qxe5+ Kf8 19. Rad1 Qe8 20. Bd4 Qxe5 21.
Bxe5 Bb5 22. Rf2 f6 23. Bxc7 Kf7 24. Bd6 Rad8 25. Bxb4 1-0

[Event "C.to Provinciale CO"]
[Site "Villa Guardia ITA"]
[Date "2004.03.07"]
[Round "2"]
[White "Grassetto, Gilberto"]
[Black "Casella, Vincenzo"]
[Result "1-0"]
[WhiteElo "1597"]
[BlackElo "1500"]
[PlyCount "53"]
[EventDate "2004.03.06"]

1. d4 d5 2. Nf3 Nf6 3. e3 e6 4. a3 c6 5. b4 Nbd7 6. Bb2 Be7 7. Nbd2 O-O 8. c4
b6 9. Bd3 Bb7 10. O-O Rc8 11. c5 Qc7 12. Qc2 Rfe8 13. Ng5 Nf8 14. f4 h6 15.
Ngf3 Rcd8 16. Rae1 Bc8 17. Ne5 Bb7 18. g4 N6d7 19. Ndf3 Bf6 20. g5 hxg5 21.
fxg5 Nxe5 22. gxf6 Nxf3+ 23. Rxf3 g6 24. Qf2 Bc8 25. Qh4 e5 26. Qh6 Ne6 27. Rh3
1-0

[Event "C.to Provinciale CO"]
[Site "Villa Guardia ITA"]
[Date "2004.03.07"]
[Round "2"]
[White "Laricini, Alberto"]
[Black "Ghelfi, Giancarlo"]
[Result "0-1"]
[WhiteElo "1504"]
[BlackElo "1600"]
[PlyCount "92"]
[EventDate "2004.03.06"]

1. d4 Nf6 2. Nf3 g6 3. c4 Bg7 4. Nc3 O-O 5. e4 d6 6. Bg5 Nbd7 7. Be2 e5 8. d5
Nc5 9. Qc2 a5 10. O-O Bg4 11. h3 Bxf3 12. Bxf3 Qd7 13. Rac1 h6 14. Be3 Qe7 15.
Rfd1 Nfd7 16. Nb5 c6 17. dxc6 bxc6 18. Nxd6 Ne6 19. Qd2 Nd4 20. c5 Nxc5 21. Nc4
Nxf3+ 22. gxf3 Rfd8 23. Bxc5 Qxc5 24. Qe2 Rd4 25. Nd2 Qb5 26. Qxb5 cxb5 27. Rc2
Rad8 28. Kf1 h5 29. Ke2 Bh6 30. b3 Kg7 31. h4 b4 32. Ke1 Bf4 33. Ke2 Kh6 34.
Ke1 g5 35. hxg5+ Kxg5 36. Ke2 h4 37. Rg1+ Kh5 38. Nc4 Rc8 39. Rg7 Rc7 40. Rg1
h3 41. Rh1 h2 42. Kf1 Rd1+ 43. Kg2 Rxh1 44. Kxh1 f6 45. Re2 a4 46. Ne3 Rc1+ 0-1

[Event "C.to Provinciale CO"]
[Site "Villa Guardia ITA"]
[Date "2004.03.07"]
[Round "2"]
[White "Napoli, Ferdinando"]
[Black "Corti, Filippo"]
[Result "1-0"]
[WhiteElo "1657"]
[BlackElo "1585"]
[PlyCount "101"]
[EventDate "2004.03.06"]

1. e4 c6 2. d4 d5 3. exd5 cxd5 4. c4 Nf6 5. Nc3 g6 6. Nf3 Bg7 7. Qb3 O-O 8. h3
dxc4 9. Bxc4 e6 10. Bg5 Nc6 11. Qd1 Qb6 12. Qd2 Rd8 13. Rd1 Qb4 14. Be2 a6 15.
O-O b5 16. a3 Qf8 17. Nh2 Bb7 18. d5 h6 19. Bxf6 Bxf6 20. Ne4 Bg7 21. d6 Nd4
22. Nc5 Bd5 23. Nf3 Bxf3 24. Bxf3 Nxf3+ 25. gxf3 Be5 26. Qe3 Bxd6 27. Nb7 Rd7
28. Rxd6 Rxb7 29. Rfd1 Rbb8 30. Qd2 a5 31. b3 h5 32. Qg5 Kh7 33. Rd7 Kg8 34.
R1d6 b4 35. Rxe6 Qg7 36. a4 fxe6 37. Rxg7+ Kxg7 38. Qe7+ Kh6 39. Qxe6 Re8 40.
Qb6 Reb8 41. Qe3+ Kg7 42. f4 Re8 43. Qf3 Rac8 44. f5 Rf8 45. Qb7+ Kh6 46. fxg6
Kxg6 47. Qa6+ Kh7 48. Qxa5 Rc1+ 49. Kg2 Rg8+ 50. Kh2 Rcg1 51. Qxh5+ 1-0

[Event "C.to Provinciale CO"]
[Site "Villa Guardia ITA"]
[Date "2004.03.07"]
[Round "2"]
[White "Orsenigo, Davide"]
[Black "Larghi, Riccardo"]
[Result "0-1"]
[WhiteElo "1672"]
[BlackElo "1872"]
[PlyCount "92"]
[EventDate "2004.03.06"]

1. e4 c5 2. Nf3 d6 3. d4 cxd4 4. Nxd4 Nf6 5. Nc3 g6 6. f4 Bg7 7. e5 dxe5 8.
fxe5 Nfd7 9. e6 Nf6 10. Bb5+ Kf8 11. O-O a6 12. Ba4 Qa5 13. Be3 fxe6 14. Qd2
Kf7 15. Bb3 Rd8 16. Qf2 Qh5 17. Rae1 Nc6 18. Nf3 h6 19. Bb6 Rf8 20. Re2 Kg8 21.
Bxe6+ Bxe6 22. Rxe6 Qf5 23. Qe2 Nd7 24. Bf2 Nde5 25. Nxe5 Qxe6 26. Nxc6 Qxc6
27. Qxe7 Rae8 28. Qh4 b5 29. Qb4 Rf5 30. Bd4 Bxd4+ 31. Qxd4 Rxf1+ 32. Kxf1 Rf8+
33. Kg1 Qe8 34. Qd5+ Kh7 35. Qd2 Qf7 36. Qe1 b4 37. Ne2 Qxa2 38. Ng3 Qxb2 39.
Qe7+ Qg7 40. Qe1 Qd4+ 41. Kh1 Rf7 42. h3 a5 43. Qe8 Qd7 44. Qe5 Qd1+ 45. Kh2
Qxc2 46. Qxa5 b3 0-1

[Event "C.to Provinciale CO"]
[Site "Villa Guardia ITA"]
[Date "2004.03.07"]
[Round "2"]
[White "Petetta, Roberto"]
[Black "Raineri, Pieroberto"]
[Result "1-0"]
[WhiteElo "1663"]
[BlackElo "1555"]
[PlyCount "67"]
[EventDate "2004.03.06"]

1. e4 c5 2. Nf3 Nc6 3. d4 cxd4 4. Nxd4 Nf6 5. Nc3 e5 6. Ndb5 d6 7. Bg5 a6 8.
Na3 b5 9. Bxf6 gxf6 10. Nd5 f5 11. exf5 Bxf5 12. c3 Be4 13. Nc2 Rc8 14. Nce3
Bg7 15. Qg4 Bg6 16. a4 O-O 17. axb5 axb5 18. Bxb5 f5 19. Qe2 f4 20. Nc4 f3 21.
gxf3 Bh5 22. Nd2 e4 23. Rg1 Ne5 24. Rg3 exf3 25. Qe4 Rb8 26. Ra7 Bg6 27. Qa4
Rf7 28. Rxf7 Nxf7 29. Rxf3 Qg5 30. Bc4 Rxb2 31. Qe8+ Bf8 32. Nf6+ Kg7 33. Nde4
d5 34. Nxg5 1-0

[Event "C.to Provinciale CO"]
[Site "Villa Guardia ITA"]
[Date "2004.03.07"]
[Round "3"]
[White "Casella, Vincenzo"]
[Black "Raineri, Pieroberto"]
[Result "0-1"]
[WhiteElo "1500"]
[BlackElo "1555"]
[PlyCount "54"]
[EventDate "2004.03.06"]

1. d4 Nf6 2. Nf3 c5 3. e3 cxd4 4. exd4 d6 5. Bd3 g6 6. Bg5 Bg7 7. c3 O-O 8. O-O
Qb6 9. Qe1 Re8 10. Be3 Bg4 11. Nbd2 Nd5 12. Bg5 Nd7 13. h3 Be6 14. Qd1 Qxb2 15.
Qc1 Qxc3 16. Qxc3 Nxc3 17. a3 f6 18. Be3 Rac8 19. Nb1 Nd5 20. Ne1 Nxe3 21. fxe3
Bh6 22. Rf3 Rc1 23. Kf1 Rec8 24. a4 Nb6 25. Ra3 Nc4 26. Rb3 Nxe3+ 27. Ke2 Bxb3
0-1

[Event "C.to Provinciale CO"]
[Site "Villa Guardia ITA"]
[Date "2004.03.07"]
[Round "3"]
[White "Corti, Filippo"]
[Black "Schingaro, Angelo"]
[Result "1-0"]
[WhiteElo "1585"]
[BlackElo "1561"]
[PlyCount "89"]
[EventDate "2004.03.06"]

1. Nf3 Nf6 2. g3 g6 3. Bg2 Bg7 4. O-O O-O 5. d3 c5 6. e4 d6 7. Nbd2 Nc6 8. c3
Rb8 9. Re1 Qc7 10. Nf1 b5 11. a3 a5 12. d4 Nd7 13. Be3 e5 14. d5 Ne7 15. b4 c4
16. Qd2 a4 17. h4 f5 18. Bg5 Nf6 19. Bxf6 Bxf6 20. exf5 Bxf5 21. Ng5 Qd7 22.
Ne4 Kg7 23. Ne3 Rf7 24. Nxf6 Rxf6 25. Nxf5+ Nxf5 26. Bh3 Nxh4 27. Bxd7 Nf3+ 28.
Kg2 Nxd2 29. Re2 Nf3 30. Bg4 Ng5 31. Rf1 h5 32. Bd7 Rf3 33. Re3 Rxe3 34. fxe3
Ne4 35. Rc1 Nf6 36. Bc6 Ne8 37. Rf1 Nc7 38. Kh3 Rf8 39. Rxf8 Kxf8 40. Kh4 Kf7
41. Kg5 Kg7 42. e4 Kf7 43. Bd7 Na6 44. Bxb5 Nxb4 45. cxb4 1-0

[Event "C.to Provinciale CO"]
[Site "Villa Guardia ITA"]
[Date "2004.03.07"]
[Round "3"]
[White "Emoroso, Claudio"]
[Black "Grassetto, Gilberto"]
[Result "1-0"]
[WhiteElo "1672"]
[BlackElo "1597"]
[PlyCount "69"]
[EventDate "2004.03.06"]

1. e4 c5 2. Nf3 d6 3. Bb5+ Bd7 4. Bxd7+ Qxd7 5. h3 f6 6. d3 e6 7. Nc3 Ne7 8.
Bd2 Nbc6 9. a3 Ng6 10. Ne2 Be7 11. b4 b6 12. b5 Nce5 13. Nxe5 Nxe5 14. f4 Ng6
15. a4 O-O 16. O-O e5 17. f5 Nh8 18. Ng3 Rfe8 19. c4 Nf7 20. Qg4 Bf8 21. Nh5
Qe7 22. Rf3 a6 23. Rg3 Nh8 24. Rf1 axb5 25. axb5 Ra7 26. Bh6 Rea8 27. Kh2 Rd7
28. Qh4 g5 29. fxg6 Nxg6 30. Nxf6+ Kh8 31. Rxg6 Bxh6 32. Rxh6 Rf8 33. Rxh7+
Qxh7 34. Nxh7 Rxf1 35. Nf6+ 1-0

[Event "C.to Provinciale CO"]
[Site "Villa Guardia ITA"]
[Date "2004.03.07"]
[Round "3"]
[White "Ghelfi, Giancarlo"]
[Black "Orsenigo, Davide"]
[Result "1/2-1/2"]
[WhiteElo "1600"]
[BlackElo "1672"]
[PlyCount "86"]
[EventDate "2004.03.06"]

1. e4 c5 2. Nf3 Nf6 3. Nc3 d5 4. Bb5+ Bd7 5. Bxd7+ Qxd7 6. exd5 Nxd5 7. Nxd5
Qxd5 8. O-O e5 9. Re1 Nc6 10. d3 Bd6 11. c4 Qe6 12. Ng5 Qg6 13. Ne4 O-O 14. Be3
b6 15. Qe2 Rad8 16. Rad1 f5 17. Nxd6 Rxd6 18. f4 exf4 19. Bxf4 Nd4 20. Qf2 Re6
21. Re5 Rfe8 22. Rde1 Nc6 23. Rxe6 Rxe6 24. a3 Nd4 25. Be3 Nc6 26. Bf4 Rxe1+
27. Qxe1 Nd4 28. Qf2 Qe6 29. Be3 Qe5 30. g3 Kf7 31. Bxd4 cxd4 32. Kg2 g5 33.
Qf3 g4 34. Qf2 Ke6 35. h3 a5 36. a4 Qd6 37. hxg4 fxg4 38. Qe2+ Kf5 39. b3 h5
40. Qf2+ Kg5 41. Qd2+ Kg6 42. Qe1 Qf6 43. Qe4+ Kg7 1/2-1/2

[Event "C.to Provinciale CO"]
[Site "Villa Guardia ITA"]
[Date "2004.03.07"]
[Round "3"]
[White "Larghi, Riccardo"]
[Black "Bellotto, Stefano"]
[Result "1/2-1/2"]
[WhiteElo "1872"]
[BlackElo "1803"]
[PlyCount "39"]
[EventDate "2004.03.06"]

1. e4 d6 2. Nf3 Nf6 3. c3 c6 4. Bd3 e5 5. O-O Bg4 6. h3 Bh5 7. Qe2 Be7 8. Bc2
O-O 9. d3 Nbd7 10. Rd1 Qc7 11. Nbd2 d5 12. Nf1 dxe4 13. dxe4 Nc5 14. Ng3 Bg6
15. Nh4 Rad8 16. Rxd8 Rxd8 17. Nxg6 hxg6 18. Be3 Rd7 19. Rd1 Qd8 20. Rxd7
1/2-1/2

[Event "C.to Provinciale CO"]
[Site "Villa Guardia ITA"]
[Date "2004.03.07"]
[Round "3"]
[White "Liscio, Giovanni"]
[Black "Buonocore, Elio"]
[Result "1/2-1/2"]
[WhiteElo "1831"]
[BlackElo "2099"]
[PlyCount "54"]
[EventDate "2004.03.06"]

1. d4 f5 2. c4 Nf6 3. Nc3 g6 4. g3 Bg7 5. Bg2 d6 6. Nf3 O-O 7. O-O Qe8 8. d5 a5
9. e4 fxe4 10. Ng5 Bg4 11. Qb3 b6 12. Ngxe4 Nxe4 13. Nxe4 a4 14. Qe3 Na6 15.
Rb1 Nc5 16. Bd2 Nxe4 17. Bxe4 Qf7 18. f3 Bd7 19. Bc3 Rae8 20. b3 axb3 21. axb3
Bxc3 22. Qxc3 Qf6 23. Qxf6 exf6 24. Kf2 f5 25. Bd3 f4 26. Rfe1 Ra8 27. Ra1
fxg3+ 1/2-1/2

[Event "C.to Provinciale CO"]
[Site "Villa Guardia ITA"]
[Date "2004.03.07"]
[Round "3"]
[White "Napoli, Ferdinando"]
[Black "Coppola, Guido"]
[Result "0-1"]
[WhiteElo "1657"]
[BlackElo "1839"]
[PlyCount "118"]
[EventDate "2004.03.06"]

1. e4 c5 2. Nf3 Nf6 3. d3 d6 4. g3 Nc6 5. Bg2 g6 6. O-O Bg7 7. c3 O-O 8. Nbd2
Bd7 9. Re1 Qc8 10. e5 dxe5 11. Nxe5 Nxe5 12. Rxe5 e6 13. Nf3 Nd5 14. Re1 Rd8
15. Qc2 Qc7 16. a3 c4 17. dxc4 Qxc4 18. Ne5 Bxe5 19. Rxe5 Ba4 20. Qe4 Qxe4 21.
Rxe4 Bb3 22. Rd4 e5 23. Bxd5 Bxd5 24. Rd1 Kg7 25. Be3 b6 26. Rd2 Bf3 27. Kf1
Rxd2 28. Bxd2 Rd8 29. Ke1 f5 30. Rc1 Kf6 31. c4 Rd4 32. Rc3 Re4+ 33. Re3 g5 34.
Rxe4 Bxe4 35. Bc3 Ke6 36. Kd2 h5 37. Ke3 Bc6 38. b4 a6 39. Bd2 f4+ 40. Kd3 Kf5
41. Ke2 Kg4 42. Kf1 Kf3 43. Bc3 e4 44. Bf6 fxg3 45. hxg3 Kg4 46. Bd8 b5 47. c5
h4 48. gxh4 gxh4 49. Kg1 h3 50. Bf6 Kf3 51. Bd4 Ke2 52. Kh2 Kd3 53. Be3 Bd7 54.
Kg3 Kc2 55. Kh2 Kb2 56. c6 Bxc6 57. Kxh3 Kxa3 58. Bd2 a5 59. bxa5 b4 0-1

[Event "C.to Provinciale CO"]
[Site "Villa Guardia ITA"]
[Date "2004.03.07"]
[Round "3"]
[White "Pede, Lucio"]
[Black "Cairoli, Camillo"]
[Result "1/2-1/2"]
[WhiteElo "1663"]
[BlackElo "1882"]
[PlyCount "107"]
[EventDate "2004.03.06"]

1. e4 e6 2. d4 d5 3. exd5 exd5 4. c4 Nf6 5. Nf3 Bg4 6. Qb3 Qe7+ 7. Be2 Qb4+ 8.
Nc3 dxc4 9. Qc2 Be7 10. h3 Bh5 11. a3 Qb3 12. Qxb3 cxb3 13. Nd2 Bxe2 14. Nxe2
Nc6 15. Nxb3 O-O-O 16. O-O Nd5 17. Nc3 Bf6 18. Be3 Rhe8 19. Nxd5 Rxd5 20. Rfd1
Red8 21. Kf1 Nxd4 22. Nxd4 Bxd4 23. Bxd4 Rxd4 24. Re1 c6 25. Re7 Rd1+ 26. Rxd1
Rxd1+ 27. Ke2 Rd7 28. Re8+ Kc7 29. Rh8 h6 30. Rh7 f6 31. g4 a5 32. f4 b5 33. h4
c5 34. Rh8 Rd8 35. Rh7 Rg8 36. g5 fxg5 37. hxg5 hxg5 38. f5 Kd6 39. Rh5 Rb8 40.
Rxg5 Rb7 41. Kd2 b4 42. Rg6+ Kd5 43. Ra6 bxa3 44. bxa3 Rf7 45. Rxa5 Rxf5 46.
Ra7 Rf3 47. Rxg7 Rxa3 48. Rg5+ Kc4 49. Rg4+ Kb5 50. Kc2 Rh3 51. Rf4 Rh2+ 52.
Kc3 Rh3+ 53. Kc2 c4 54. Rf8 1/2-1/2

[Event "C.to Provinciale CO"]
[Site "Villa Guardia ITA"]
[Date "2004.03.07"]
[Round "3"]
[White "Revinelli, Sergio"]
[Black "Petetta, Roberto"]
[Result "1-0"]
[WhiteElo "1789"]
[BlackElo "1663"]
[PlyCount "107"]
[EventDate "2004.03.06"]

1. e4 c5 2. Nf3 d6 3. d4 cxd4 4. Nxd4 Nf6 5. Nc3 g6 6. Be3 Bg7 7. Bc4 O-O 8. f3
Nc6 9. Qd2 Bd7 10. O-O a6 11. a4 Qc7 12. Ba2 Rfc8 13. Rad1 Ne5 14. Qf2 Nc4 15.
Bxc4 Qxc4 16. Nb3 b5 17. axb5 axb5 18. Rd2 Qc6 19. Nd4 Qb7 20. Rfd1 Ra6 21.
Nce2 Ra2 22. c3 b4 23. h3 bxc3 24. bxc3 Rxd2 25. Bxd2 Ba4 26. Rc1 Rc4 27. Qf1
d5 28. exd5 Nxd5 29. Kh1 Qb2 30. Qe1 e5 31. Rb1 Qa3 32. Nb5 Qc5 33. Na3 Qxa3
34. Rb8+ Bf8 35. Bh6 f6 36. Rxf8+ Qxf8 37. Bxf8 Kxf8 38. Qd2 Bc6 39. Qb2 Kg7
40. Kg1 Rc5 41. Qa3 Rb5 42. Kf2 Rb7 43. g3 Rd7 44. Qa6 Ne7 45. Qa3 Kf7 46. Qb4
Nd5 47. Qc5 Ne7 48. f4 Rd5 49. Qb4 Rd7 50. c4 exf4 51. Nxf4 Rb7 52. Qd2 Rd7 53.
Qe3 Nf5 54. Qe6+ 1-0

[Event "C.to Provinciale CO"]
[Site "Villa Guardia ITA"]
[Date "2004.03.13"]
[Round "4"]
[White "Bellotto, Stefano"]
[Black "Revinelli, Sergio"]
[Result "1/2-1/2"]
[WhiteElo "1803"]
[BlackElo "1789"]
[PlyCount "116"]
[EventDate "2004.03.06"]

1. e4 e5 2. Nc3 Nc6 3. Bc4 Nf6 4. d3 Bc5 5. Nge2 Ng4 6. d4 exd4 7. Na4 d6 8.
Nxc5 dxc5 9. c3 Nge5 10. Bd5 dxc3 11. Bxc6+ Nxc6 12. Qxd8+ Nxd8 13. Nxc3 c6 14.
Be3 b6 15. O-O-O O-O 16. Rd6 Be6 17. f4 g6 18. h3 Rc8 19. g4 Nb7 20. Rdd1 f6
21. f5 Bc4 22. b3 Ba6 23. Rd2 Rcd8 24. Rhd1 Rxd2 25. Rxd2 Rd8 26. Bf4 Rxd2 27.
Kxd2 Bf1 28. h4 Bh3 29. fxg6 hxg6 30. g5 fxg5 31. hxg5 Kf7 32. Ke3 Ke6 33. Ne2
Bg4 34. Ng3 a6 35. Bc7 b5 36. e5 Bf5 37. Ne4 Bxe4 38. Kxe4 Kd7 39. Bb6 Ke7 40.
Ba7 Kd7 41. Bb6 a5 42. Kd3 Ke6 43. Ke4 a4 44. Bc7 a3 45. Bb6 Ke7 46. Ba7 Kd8
47. e6 Ke7 48. Ke5 c4 49. bxc4 bxc4 50. Be3 c3 51. Bc1 c5 52. Bxa3 c2 53. Kd5
Nd6 54. Bb2 Nb7 55. Bf6+ Ke8 56. Bb2 Ke7 57. Bf6+ Ke8 58. Bb2 Ke7 1/2-1/2

[Event "C.to Provinciale CO"]
[Site "Villa Guardia ITA"]
[Date "2004.03.13"]
[Round "4"]
[White "Buonocore, Elio"]
[Black "Larghi, Riccardo"]
[Result "1/2-1/2"]
[WhiteElo "2099"]
[BlackElo "1872"]
[PlyCount "40"]
[EventDate "2004.03.06"]

1. e4 d6 2. d4 Nf6 3. Nc3 g6 4. Bg5 Bg7 5. f4 h6 6. Bh4 c5 7. dxc5 Qa5 8. Qd2
Qxc5 9. Nf3 Nc6 10. Bd3 O-O 11. Bf2 Qa5 12. h3 Nb4 13. O-O Bd7 14. e5 Nh5 15.
exd6 exd6 16. Ne4 d5 17. Nc5 Bc8 18. Nb3 Qa4 19. Nc5 Qa5 20. Nb3 Qa4 1/2-1/2

[Event "C.to Provinciale CO"]
[Site "Villa Guardia ITA"]
[Date "2004.03.13"]
[Round "4"]
[White "Cairoli, Camillo"]
[Black "Napoli, Ferdinando"]
[Result "0-1"]
[WhiteElo "1882"]
[BlackElo "1657"]
[PlyCount "42"]
[EventDate "2004.03.06"]

1. d4 Nf6 2. Nf3 g6 3. c4 Bg7 4. Nc3 O-O 5. e4 d6 6. Be2 e5 7. O-O Nc6 8. d5
Ne7 9. Nd2 Nd7 10. b4 f5 11. Ba3 Nf6 12. Rc1 Bh6 13. Rc2 Bd7 14. f3 Be3+ 15.
Kh1 f4 16. c5 Nh5 17. Qe1 g5 18. cxd6 cxd6 19. Nc4 Bd4 20. b5 Rf6 21. Bxd6 Ng3+
0-1

[Event "C.to Provinciale CO"]
[Site "Villa Guardia ITA"]
[Date "2004.03.13"]
[Round "4"]
[White "Coppola, Guido"]
[Black "Liscio, Giovanni"]
[Result "1/2-1/2"]
[WhiteElo "1839"]
[BlackElo "1831"]
[PlyCount "50"]
[EventDate "2004.03.06"]

1. e4 c5 2. Nf3 d6 3. d4 cxd4 4. Nxd4 Nf6 5. Nc3 a6 6. Bg5 e6 7. f4 Nbd7 8. Qf3
Qc7 9. O-O-O b5 10. Bd3 Bb7 11. Rhe1 Be7 12. Nd5 Nxd5 13. exd5 Bxd5 14. Qxd5
exd5 15. Rxe7+ Kf8 16. Bf5 Rd8 17. Be6 f6 18. Rf7+ Ke8 19. Re1 Qa5 20. c3 Ne5
21. fxe5 dxe5 22. Nc6 Qxa2 23. Re7+ Kf8 24. Kc2 Rd6 25. Rf7+ Ke8 1/2-1/2

[Event "C.to Provinciale CO"]
[Site "Villa Guardia ITA"]
[Date "2004.03.13"]
[Round "4"]
[White "Grassetto, Gilberto"]
[Black "Corti, Filippo"]
[Result "1-0"]
[WhiteElo "1597"]
[BlackElo "1585"]
[PlyCount "69"]
[EventDate "2004.03.06"]

1. d4 Nf6 2. c4 g6 3. Nc3 Bg7 4. e4 d6 5. Be2 O-O 6. h4 e5 7. d5 Nbd7 8. h5 Nc5
9. hxg6 fxg6 10. Bg5 Qd7 11. f3 Nh5 12. Qd2 Nf4 13. Rh2 a5 14. O-O-O a4 15. g4
a3 16. b3 Ra6 17. Nh3 Nxe2+ 18. Qxe2 Qf7 19. Rf2 Bd7 20. Rh1 h6 21. Be3 Qf6 22.
g5 hxg5 23. Nxg5 Qe7 24. Rfh2 Rf4 25. Qg2 Nd3+ 26. Kb1 c6 27. Rh7 Qf6 28. Rxg7+
Qxg7 29. Rh7 Qf6 30. Rxd7 Rh4 31. Rxb7 Nf4 32. Rb8+ Kg7 33. Ne6+ Qxe6 34. Bxf4
exf4 35. dxe6 1-0